00369pab a2200133 454500008004000000100002700040245005500067260000900122300001300131362001000144650003800154650002800192773001500220180718b2009 xxu||||| |||| 00| 0 eng d aSingh, Bhartendu Kumar aSino-Indian relations and the probabilities of war c2009 ap.23-24. a5 Sep aIndia - Foreign relations - China aInternational relations aMainstream